| 000 | 00407cam a2200169ua 4500 | ||
|---|---|---|---|
| 020 | _c11.00 | ||
| 041 |
_aeng _h |
||
| 082 |
_a923.2 G _bTEN/MA |
||
| 100 | _aTendulkar, D G. | ||
| 245 |
_aMahatma, vol 7 / _cD.G.Tendulkar. _hTextual Documents |
||
| 260 |
_aIndia : _bThe publication division , _c1961. |
||
| 300 | _a426 ; . | ||
| 365 | _a11.00 | ||
| 504 | _a | ||
| 942 | _cBK | ||
| 999 |
_c1178 _d1178 |
||